World of Narnia - Map quiz - Statistics

General Stats
  • This quiz has been taken 293 times
  • The average score is 8 of 20
Answers on the Map
Answers color-coded by a green-red scale on the quiz's map according to % correct below.
 
Answer Stats
Answer % Correct
Lone Islands
62%
Cair Paravel
58%
Aslan's Country
56%
Seven Isles
55%
Archenland
45%
Frozen Lake
45%
Wild Lands of the North
44%
Calormen
43%
Harfang
39%
Tashbaan
39%
Great Desert
38%
Anvard
37%
Beaver's Dam
36%
Wild West
36%
Ettinsmoor
32%
Terebinthia
30%
Galma
28%
Lantern Waste
27%
Telmar
27%
Dancing Lawn
19%
No matching quizzes found
Score Distribution
Percent of People with Each Score
Percentile by Number Answered
Your Score History
You have not taken this quiz